عرض عادي
عرض مارك
- Observation (Scientific method)
مدخل مصطلح موضوعي
001 - رقم الضبط
- حقل الضبط: 42246
003 - معرف رقم الضبط
- حقل الضبط: OSt
005 - تاريخ ووقت أخر عملية
- حقل الضبط: 20140111145341.0
008 - عناصر بيانات ثابتة الطول
- حقل تحكم ثابت الطول: 140111|||a|||||| | ||| d
040 ## - مصدر الفهرسة
- هيئة الفهرسة الأصلية: OSt
- وكالة الكتابة: OSt
150 ## - مدخل-- مصطلح تاريخي
- عنصر مدخل المصطلح الموضوعي او الاسم الجغرافي: Observation (Scientific method)
670 ## - بيانات المصدر موجوده
- الاستشهاد بالمصدر: Work cat.: (OSt)0: Kuniavsky, Mike. 42245, Observing the user experience :, c2012.
